[Event "BL2 Ost 1920 (Women)"]
[Site "Germany"]
[Date "2020.02.02"]
[Round "5.5"]
[White "Spangenberg, Pia"]
[Black "Just, Gabriele"]
[Result "1-0"]
[WhiteElo "1779"]
[BlackElo "1873"]
[PlyCount "89"]
[EventDate "2019.09.14"]
[EventType "team-tourn"]
[EventRounds "7"]
[EventCountry "GER"]
[SourceTitle "EXT 2021"]
[Source "ChessBase"]
[SourceDate "2020.10.23"]
[SourceVersion "1"]
[SourceVersionDate "2020.10.23"]
[SourceQuality "1"]
[WhiteTeam "Leipzig Lindenau (W)"]
[BlackTeam "Leipzig SG (W)"]
[WhiteTeamCountry "GER"]
[BlackTeamCountry "GER"]

1. e4 e6 2. d4 d5 3. Nc3 Bb4 4. exd5 exd5 5. Bd3 Nc6 6. Nge2 Nge7 7. 0-0 Bg4 8. Bf4 Bxc3 9. bxc3 Qd7 10. f3 Bh5 11. Re1 f6 12. c4 0-0-0 13. c5 g5 14. Bd2 Bg6 15. a4 Bxd3 16. cxd3 Rde8 17. Qb3 Nd8 18. Nc3 c6 19. a5 Nf5 20. Qb4 Rxe1+ 21. Bxe1 a6 22. Na4 Qe7 23. g4 Qe3+ 24. Bf2 Qxf3 25. gxf5 Kd7 26. Re1 b5 27. cxb6 Kc8 28. b7+ Nxb7 29. Nb6+ Kb8 30. Bg3+ Ka7 31. Nd7 Qxd3 32. Qb6+ Ka8 33. Bb8 Rxb8 34. Nxb8 Qxf5 35. Qxa6+ Kxb8 36. Re8+ Kc7 37. Qe2 Nxa5 38. Re7+ Kd6 39. Ra7 Qe4 40. Qxe4 dxe4 41. Rxa5 h5 42. h4 gxh4 43. Kf2 Ke6 44. Rxh5 f5 45. Ke3 1-0

[Event "Erfurt op Seniors 29th"]
[Site "Erfurt"]
[Date "2019.12.27"]
[Round "2"]
[White "Helm, Helga"]
[Black "Just, Gabriele"]
[Result "0-1"]
[WhiteElo "1555"]
[BlackElo "1869"]
[PlyCount "96"]
[EventDate "2019.12.26"]
[EventType "swiss"]
[EventRounds "5"]
[EventCountry "GER"]
[SourceTitle "CBM 194 Extra"]
[Source "ChessBase"]
[SourceDate "2020.03.31"]
[SourceVersion "1"]
[SourceVersionDate "2020.03.31"]
[SourceQuality "1"]

1. e4 e6 2. d4 d5 3. exd5 exd5 4. Nf3 Bd6 5. Nc3 Ne7 6. Be2 Nbc6 7. Bg5 f6 8. Bh4 Bg4 9. Nb5 Qd7 10. Nxd6+ Qxd6 11. c3 0-0-0 12. Bg3 Qe6 13. Qd3 g5 14. 0-0-0 h5 15. h3 h4 16. Bh2 Bf5 17. Qe3 Qd7 18. Bd3 Rde8 19. Qd2 Na5 20. Bxf5 Nxf5 21. Qc2 Re4 22. Rhe1 Rhe8 23. g4 hxg3 24. Bxg3 Nxg3 25. fxg3 Qxh3 26. Qf2 Qf5 27. Qf1 Nc4 28. Nd2 Qxf1 29. Rxf1 Nxd2 30. Rxd2 Re1+ 31. Rd1 Rxd1+ 32. Kxd1 Re3 33. Rxf6 Rxg3 34. Rf8+ Kd7 35. Rf7+ Kc6 36. Rf6+ Kb5 37. Rf7 Kb6 38. Rf6+ c6 39. Rf2 a5 40. Ke2 Kb5 41. Rf3 Rg2+ 42. Rf2 Rxf2+ 43. Kxf2 Kc4 44. Kf3 a4 45. Kg4 a3 46. bxa3 Kxc3 47. Kxg5 Kxd4 48. Kf4 Kd3 0-1

[Event "BL2 Ost 1920 (Women)"]
[Site "Germany"]
[Date "2019.12.15"]
[Round "4.4"]
[White "Just, Gabriele"]
[Black "Peglau, Charis"]
[Result "0-1"]
[WhiteElo "1873"]
[BlackElo "1728"]
[PlyCount "110"]
[EventDate "2019.09.14"]
[EventType "team-tourn"]
[EventRounds "7"]
[EventCountry "GER"]
[SourceTitle "EXT 2021"]
[Source "ChessBase"]
[SourceDate "2020.10.23"]
[SourceVersion "1"]
[SourceVersionDate "2020.10.23"]
[SourceQuality "1"]
[WhiteTeam "Leipzig SG (W)"]
[BlackTeam "Niederwiesa Gruen Weiss (W)"]
[WhiteTeamCountry "GER"]
[BlackTeamCountry "GER"]

1. d4 d5 2. Nf3 Nf6 3. Bg5 Bf5 4. Bxf6 exf6 5. Nbd2 Bd6 6. Nh4 Bg6 7. e3 c6 8. Nxg6 hxg6 9. Nf3 Qc7 10. Be2 Nd7 11. c3 0-0-0 12. h4 g5 13. Qc2 gxh4 14. Rxh4 Rxh4 15. Nxh4 Rh8 16. Nf3 Qa5 17. a4 Rh1+ 18. Bf1 Nb6 19. Nd2 Qa6 20. b3 Nd7 21. 0-0-0 Qa5 22. Be2 Rxd1+ 23. Kxd1 Nf8 24. b4 Qc7 25. Qb3 Ng6 26. Bg4+ Kd8 27. c4 dxc4 28. Nxc4 Ke7 29. Ke2 Kf8 30. Nxd6 Qxd6 31. Qc4 Ne7 32. b5 g6 33. Bf3 Kg7 34. Qc5 Qe6 35. Qxa7 Qa2+ 36. Ke1 Qa1+ 37. Bd1 Qc3+ 38. Ke2 Qc4+ 39. Kd2 Qb4+ 40. Kc1 Qa3+ 41. Kc2 cxb5 42. Qxb7 Qxa4+ 43. Kd2 Qb4+ 44. Ke2 Qc4+ 45. Kf3 Nf5 46. g3 Qd3 47. Kg2 Qxd1 48. Qxb5 Qc2 49. Qe8 Nd6 50. Qb8 Qe4+ 51. Kf1 Qh1+ 52. Ke2 Ne4 53. Qf4 Nc3+ 54. Kd2 Qa1 55. Qc7 Qd1+ 0-1

[Event "Leipzig VfB op 25th"]
[Site "Leipzig"]
[Date "2018.03.25"]
[Round "9"]
[White "Just, Gabriele"]
[Black "Schaefer, Konstantin"]
[Result "1-0"]
[WhiteElo "1838"]
[BlackElo "1418"]
[PlyCount "83"]
[EventDate "2018.03.20"]
[EventType "swiss"]
[EventRounds "9"]
[EventCountry "GER"]
[SourceTitle "CBM 183 Extra"]
[Source "ChessBase"]
[SourceDate "2018.04.19"]
[SourceVersion "1"]
[SourceVersionDate "2018.04.19"]
[SourceQuality "1"]

1. d4 Nf6 2. Nf3 d5 3. Bg5 Bf5 4. Bxf6 exf6 5. Nbd2 Be6 6. c3 c6 7. Qc2 f5 8. e3 Nd7 9. Ne5 Nxe5 10. dxe5 g6 11. f4 Bg7 12. Nf3 f6 13. Nd4 Qd7 14. exf6 Bxf6 15. Bd3 0-0 16. 0-0 Rfe8 17. Rae1 Re7 18. Qa4 a6 19. Qb4 Rae8 20. a4 Qc7 21. Qc5 Bd7 22. Nc2 b6 23. Qa3 a5 24. Qa2 Kg7 25. g3 Qd6 26. Kf2 c5 27. Rd1 Bc6 28. Bb5 Bxb5 29. Rxd5 Qc6 30. axb5 Qxb5 31. Rfd1 Rc8 32. Ne1 Qe8 33. Ng2 Qb5 34. h3 Rce8 35. g4 h6 36. gxf5 gxf5 37. Rxf5 Qc6 38. Qd5 Qb5 39. Rd2 Qa4 40. Qd6 Rf7 41. Rfd5 Qb5 42. f5 1-0

[Event "BL2 Ost 1718 (Women)"]
[Site "Germany"]
[Date "2017.10.14"]
[Round "1.5"]
[White "Just, Gabriele"]
[Black "Paetzold, Leonie"]
[Result "1-0"]
[WhiteElo "1862"]
[BlackElo "1522"]
[PlyCount "113"]
[EventDate "2017.10.14"]
[EventType "team-tourn"]
[EventRounds "7"]
[EventCountry "GER"]
[SourceTitle "EXT 2019"]
[Source "ChessBase"]
[SourceDate "2018.10.10"]
[SourceVersion "1"]
[SourceVersionDate "2018.10.10"]
[SourceQuality "1"]
[WhiteTeam "Leipzig SG (W)"]
[BlackTeam "Dresden USV TU (W)"]
[WhiteTeamCountry "GER"]
[BlackTeamCountry "GER"]

1. d4 e6 2. Nf3 d5 3. Bf4 Nf6 4. e3 c5 5. Nbd2 Nc6 6. c3 Qb6 7. Qb3 Be7 8. Be2 0-0 9. 0-0 Rd8 10. Qxb6 axb6 11. Bc7 Re8 12. Bxb6 Nd7 13. Bc7 Bf6 14. Bb5 cxd4 15. exd4 Nf8 16. Rfe1 Bd7 17. a4 Rac8 18. Bd6 Be7 19. Bxe7 Rxe7 20. Nb3 b6 21. a5 Nxa5 22. Bxd7 Rxd7 23. Nxa5 bxa5 24. Rxa5 Rb7 25. Re2 Ng6 26. g3 Ne7 27. Ne5 h6 28. Ra6 Rcb8 29. Nd3 Rb6 30. Rxb6 Rxb6 31. b4 Rc6 32. Nc5 Nf5 33. Ra2 Nd6 34. Ra8+ Kh7 35. Rb8 Kg6 36. f3 Kf5 37. Kf2 Rc7 38. Rb6 Nc4 39. Ra6 Rc8 40. h4 Rd8 41. g4+ Kf6 42. b5 h5 43. b6 Nxb6 44. Rxb6 hxg4 45. fxg4 Ra8 46. Nd7+ Ke7 47. Ne5 Rc8 48. Rb7+ Ke8 49. Rxf7 Rxc3 50. Rxg7 Rc2+ 51. Kf3 Rd2 52. Ke3 Rh2 53. h5 Rh3+ 54. Kf4 Rh1 55. Kg5 Kf8 56. h6 Rh2 57. Ng6+ 1-0

[Event "Sachsen-Anhalt-ch Seniors 24th"]
[Site "Halberstadt"]
[Date "2016.06.04"]
[Round "7"]
[White "Pape, Manfred"]
[Black "Just, Gabriele"]
[Result "1-0"]
[WhiteElo "2113"]
[BlackElo "1958"]
[PlyCount "95"]
[EventDate "2016.05.29"]
[EventType "swiss"]
[EventRounds "7"]
[EventCountry "GER"]
[SourceTitle "EXT 2019"]
[Source "ChessBase"]
[SourceDate "2018.10.10"]
[SourceVersion "1"]
[SourceVersionDate "2018.10.10"]
[SourceQuality "1"]

1. e4 e6 2. d3 d5 3. Nd2 Nf6 4. Ngf3 Nc6 5. Be2 Bc5 6. 0-0 a5 7. c3 dxe4 8. dxe4 e5 9. Qc2 Be6 10. Nc4 Nd7 11. Ng5 Qe7 12. Nxe6 fxe6 13. Ne3 0-0-0 14. a3 Bb6 15. b4 h5 16. Nc4 Rdf8 17. Nxb6+ cxb6 18. Be3 Qh4 19. Rfd1 Rf7 20. Bc4 Nd8 21. bxa5 bxa5 22. f3 Rh6 23. Bxh6 gxh6 24. Qf2 Qe7 25. Bb5 Nc5 26. Qe3 Qf8 27. a4 Rc7 28. Ra2 Nb3 29. Qa7 Qc5+ 30. Qxc5 Rxc5 31. c4 Nd4 32. Kf2 h4 33. g3 hxg3+ 34. hxg3 Nf7 35. Rh1 Kc7 36. Ke3 Kd6 37. Rh5 Rc8 38. f4 Rg8 39. fxe5+ Kc5 40. Rg2 Rg4 41. Rh4 Nxe5 42. Rxh6 Rg7 43. Rh5 Ndc6 44. Bxc6 Kd6 45. c5+ Kxc5 46. Rxe5+ Kd6 47. Rxa5 bxc6 48. e5+ 1-0

[Event "Sachsen-Anhalt-ch Seniors 24th"]
[Site "Halberstadt"]
[Date "2016.05.29"]
[Round "1"]
[White "Riechert, Manfred"]
[Black "Just, Gabriele"]
[Result "0-1"]
[WhiteElo "1513"]
[BlackElo "1958"]
[PlyCount "74"]
[EventDate "2016.05.29"]
[EventType "swiss"]
[EventRounds "7"]
[EventCountry "GER"]
[SourceTitle "EXT 2019"]
[Source "ChessBase"]
[SourceDate "2018.10.10"]
[SourceVersion "1"]
[SourceVersionDate "2018.10.10"]
[SourceQuality "1"]

1. e4 e6 2. d4 d5 3. exd5 exd5 4. Nf3 Bd6 5. Bd3 Bg4 6. Be3 Ne7 7. h3 Bh5 8. Nbd2 Nbc6 9. c3 Qd7 10. Qc2 0-0-0 11. 0-0-0 Rde8 12. Rde1 Bg6 13. Nh4 Bxd3 14. Qxd3 Na5 15. f4 h5 16. Nhf3 f6 17. Kb1 h4 18. Bf2 Bxf4 19. Nxh4 Bxd2 20. Qxd2 Nc4 21. Qc2 Qb5 22. Ka1 Kb8 23. Qb3 Qd7 24. Qc2 a6 25. Re2 g5 26. Nf3 g4 27. Nh4 f5 28. hxg4 fxg4 29. g3 Nc8 30. Rhe1 Rxe2 31. Rxe2 N8d6 32. Qg6 Ne4 33. Rxe4 dxe4 34. Qxe4 Re8 35. Qd3 Qe6 36. Qb1 Qe2 37. Bg1 Qd2 0-1

[Event "Leipzig VfB op 23rd"]
[Site "Leipzig"]
[Date "2016.03.20"]
[Round "9"]
[White "Stumbries, Lars"]
[Black "Just, Gabriele"]
[Result "1/2-1/2"]
[WhiteElo "1945"]
[BlackElo "1960"]
[PlyCount "95"]
[EventDate "2016.03.15"]
[EventType "swiss"]
[EventRounds "9"]
[EventCountry "GER"]
[SourceTitle "EXT 2017"]
[Source "ChessBase"]
[SourceDate "2016.10.25"]
[SourceVersion "1"]
[SourceVersionDate "2016.10.25"]
[SourceQuality "1"]

1. e4 e6 2. d4 d5 3. Nc3 Bb4 4. e5 c5 5. a3 Bxc3+ 6. bxc3 Qc7 7. Nf3 Bd7 8. Bd3 Ba4 9. 0-0 h6 10. c4 Ne7 11. cxd5 Nxd5 12. Qe1 c4 13. Be4 Bc6 14. a4 Ne7 15. Ba3 Bxe4 16. Qxe4 Nbc6 17. Nh4 g5 18. Nf3 0-0-0 19. c3 Rdg8 20. Nd2 Na5 21. Bd6 Qd7 22. Qe2 Nd5 23. Ne4 b6 24. Bb4 Nf4 25. Qf3 Nb7 26. a5 Nd5 27. a6 Nd8 28. Nd6+ Kb8 29. Nxc4 Nxb4 30. cxb4 Nc6 31. Rfd1 Nxb4 32. Rdb1 Nd5 33. Nd6 f5 34. Nb7 g4 35. Qb3 Rc8 36. Nc5 Qe7 37. Qb5 Rc7 38. Rc1 Rhc8 39. Nd3 Rc3 40. Rab1 R8c7 41. Kf1 Rc8 42. Rd1 R3c4 43. Rdc1 Rc3 44. Nc5 Rc7 45. Qb2 Rxc1+ 46. Rxc1 Ka8 47. Nb7 Kb8 48. Nd6 1/2-1/2

[Event "Leipzig VfB op 23rd"]
[Site "Leipzig"]
[Date "2016.03.19"]
[Round "7"]
[White "Schunk, Thomas"]
[Black "Just, Gabriele"]
[Result "1-0"]
[WhiteElo "2197"]
[BlackElo "1960"]
[PlyCount "75"]
[EventDate "2016.03.15"]
[EventType "swiss"]
[EventRounds "9"]
[EventCountry "GER"]
[SourceTitle "EXT 2017"]
[Source "ChessBase"]
[SourceDate "2016.10.25"]
[SourceVersion "1"]
[SourceVersionDate "2016.10.25"]
[SourceQuality "1"]

1. c4 f5 2. g3 Nf6 3. Bg2 e6 4. b3 Be7 5. Bb2 d6 6. d4 0-0 7. Nh3 Qe8 8. Nf4 a5 9. Nd2 Na6 10. a3 Rb8 11. Qc2 Bd8 12. Nd3 b6 13. f3 c5 14. e3 Bb7 15. 0-0 Qh5 16. Rae1 Qh6 17. Nb1 Nc7 18. Bc1 Qh5 19. Nc3 Nd7 20. Rd1 Bf6 21. dxc5 dxc5 22. Nf4 Qe8 23. Bb2 Rd8 24. Rd6 Be7 25. Rd2 Nf6 26. Na4 g5 27. Nd3 Nd7 28. Ne5 b5 29. cxb5 Nxb5 30. Nc4 Nf6 31. Nxa5 Rxd2 32. Qxd2 Bd5 33. Nc3 Bd8 34. Nc4 Be7 35. a4 Nc7 36. e4 Bc6 37. Qxg5+ Kf7 38. Ne5# 1-0